| 000 | 00542pam a2200181 a 4500 | ||
|---|---|---|---|
| 999 |
_c534399 _d534399 |
||
| 003 | Nust | ||
| 005 | 20200218151207.0 | ||
| 008 | 170216b xxu||||| |||| 00| 0 eng d | ||
| 020 | _a0070023484 | ||
| 040 | _cDLC | ||
| 082 | 0 | 0 |
_a624.171 _bARM |
| 100 | 1 |
_aArmenàkas, Anthony E., _928530 |
|
| 245 | 1 | 0 |
_aModern structural analysis : _cAnthony E. Armenàkas. |
| 260 |
_aNew York : _bMcGraw-Hill, _cc1991. |
||
| 300 |
_axxxvi, 722 p. : _bill. ; _c24 cm. |
||
| 650 | 0 |
_aStructural analysis (Engineering) _xMatrix methods. _91143 |
|
| 942 |
_cBK _2ddc |
||